Statistiche per PREMI EUROPEI

Clicka qui per fare il quiz!

Statistiche generali

  • Questo quiz è stato fatto 16 volte
  • Il punteggio medio è 21 su 54

Statistiche sulle risposte

ANNOPREMIONAZIONERisposta% Corretto
2020MIGLIOR MARCATOREPORTOGALLORONALDO
100%
MIGLIOR MARCATOREPORTOGALLORONALDO
100%
2004MIGLIOR GIOVANEPORTOGALLORONALDO
100%
2020MIGLIOR GIOCATOREITALIADONNARUMMA
94%
2020MIGLIOR PORTIEREITALIADONNARUMMA
94%
2020MIGLIOR GIOVANESPAGNAPEDRI
88%
2016MIGLIOR MARCATOREFRANCIAGRIEZMANN
81%
2016MIGLIOR GIOCATOREFRANCIAGRIEZMANN
81%
2008MIGLIOR GIOVANECROAZIAMODRIC
81%
2016MIGLIOR PORTIEREPORTOGALLORUI PATRICIO
81%
2020MIGLIOR MARCATOREREP. CECASCHICK
81%
2012MIGLIOR GIOCATORESPAGNAINIESTA
75%
2008MIGLIOR GIOCATORESPAGNAXAVI
75%
2008MIGLIOR PORTIERESPAGNACASILLAS
69%
MIGLIOR MARCATORESPAGNATORRES
69%
2012MIGLIOR MARCATOREITALIABALOTELLI
63%
2012MIGLIOR GIOVANEITALIABALOTELLI
63%
2012MIGLIOR PORTIEREITALIABUFFON
63%
2008MIGLIOR MARCATORESPAGNAVILLA
63%
2000MIGLIOR GIOCATOREFRANCIAZIDANE
63%
MIGLIOR MARCATORECROAZIAMANDZUKIC
38%
2000MIGLIOR PORTIEREITALIATOLDO
38%
2000MIGLIOR GIOVANEITALIATOTTI
38%
1988MIGLIOR GIOCATOREOLANDAVAN BASTEN
38%
1988MIGLIOR GIOVANEOLANDAVAN BASTEN
38%
1988MIGLIOR MARCATOREOLANDAVAN BASTEN
38%
1980MIGLIOR PORTIEREITALIAZOFF
38%
1992MIGLIOR GIOCATOREOLANDAGULLIT
31%
2016MIGLIOR GIOVANEPORTOGALLORENATO SANCHES
31%
1992MIGLIOR GIOVANEOLANDABERGKAMP
19%
MIGLIOR MARCATOREOLANDABERGKAMP
19%
MIGLIOR MARCATOREGERMANIAGOMEZ
19%
2000MIGLIOR MARCATOREOLANDAKLUIVERT
19%
1984MIGLIOR MARCATOREFRANCIAPLATINI
19%
1984MIGLIOR GIOCATOREFRANCIAPLATINI
19%
1996MIGLIOR MARCATOREINGHILTERRASHEARER
19%
2004MIGLIOR MARCATOREREP. CECABAROS
13%
MIGLIOR MARCATORESVEZIABROLIN
13%
1996MIGLIOR GIOCATOREGERMANIASAMMER
13%
1984MIGLIOR GIOVANEGERMANIABREHME
6%
MIGLIOR MARCATORERUSSIADZAGOEV
6%
1996MIGLIOR PORTIEREGERMANIAKOPKE
6%
MIGLIOR MARCATOREYUGOSLAVIAMILOSEVIC
6%
MIGLIOR MARCATOREGERMANIARIEDLE
6%
1980MIGLIOR GIOCATOREGERMANIARUMMENIGGE
6%
1992MIGLIOR PORTIEREDANIMARCASCHMEICHEL
6%
1984MIGLIOR PORTIEREGERMANIASCHUMACHER
6%
1980MIGLIOR MARCATOREGERMANIAALLOFS
0%
1980MIGLIOR GIOVANEITALIACABRINI
0%
1992MIGLIOR MARCATOREDANIMARCALARSEN
0%
2004MIGLIOR PORTIEREGRECIANIKOPOLIDIS
0%
1996MIGLIOR GIOVANEREP. CECAPOBORSKY
0%
1988MIGLIOR PORTIEREOLANDAVAN BREUKELEN
0%
2004MIGLIOR GIOCATOREGRECIAZAGORAKIS
0%

Distribuzione punteggi

Percentile per numero di risposta

Percentuale di utenti per punteggio

I tuoi punteggi nel tempo

Non hai fatto questo quiz